[Event "IND-ch U19 43rd"]
[Site "Lucknow"]
[Date "2013.07.10"]
[Round "1"]
[White "Vignesh, NR."]
[Black "Akil, ASJ"]
[Result "0-1"]
[WhiteElo "2281"]
[BlackElo "1759"]
[PlyCount "52"]
[EventDate "2013.07.10"]
[EventType "swiss"]
[EventRounds "11"]
[EventCountry "IND"]
[SourceTitle "CBM 155 Extra"]
[Source "ChessBase"]
[SourceDate "2013.08.26"]
[SourceVersion "1"]
[SourceVersionDate "2013.08.26"]
[SourceQuality "1"]

1. d4 Nf6 2. Nf3 d5 3. c4 e6 4. Nc3 Be7 5. Bg5 0-0 6. e3 b6 7. Qc2 Bb7 8. Bxf6 Bxf6 9. cxd5 exd5 10. Bd3 h6 11. h4 c5 12. dxc5 bxc5 13. 0-0-0 Qa5 14. Nd2 Rd8 15. Nf3 Nc6 16. Bh7+ Kf8 17. Nxd5 Nd4 18. exd4 Bxd5 19. Qxc5+ Qxc5+ 20. dxc5 g6 21. h5 Kg7 22. hxg6 fxg6 23. Bxg6 Kxg6 24. Nh4+ Kh7 25. Rdg1 Rab8 26. b3 Rb5 0-1

[Event "Raisoni Memorial op U15"]
[Site "Nagpur"]
[Date "2012.09.25"]
[Round "11"]
[White "Yogit, S."]
[Black "Akil, ASJ"]
[Result "1-0"]
[WhiteElo "1938"]
[BlackElo "1799"]
[PlyCount "129"]
[EventDate "2012.09.17"]
[EventType "swiss"]
[EventRounds "11"]
[EventCountry "IND"]
[SourceTitle "CBM 150 Extra"]
[Source "ChessBase"]
[SourceDate "2012.10.19"]
[SourceVersion "1"]
[SourceVersionDate "2012.10.19"]
[SourceQuality "1"]

1. e4 c5 2. Nf3 d6 3. d4 cxd4 4. Nxd4 Nf6 5. Nc3 Nc6 6. Be2 g6 7. 0-0 Bg7 8. Be3 0-0 9. Nb3 Ne5 10. f4 Neg4 11. Bd4 e5 12. fxe5 dxe5 13. Bc5 b6 14. Bxf8 Qxf8 15. Qd3 Be6 16. Nd5 Rd8 17. c4 b5 18. Rad1 Kh8 19. Bxg4 bxc4 20. Qxc4 Nxg4 21. Qc5 Qxc5+ 22. Nxc5 Rb8 23. h3 Bxd5 24. hxg4 Bxa2 25. b3 Rc8 26. Rxf7 Kg8 27. Rdd7 Bh6 28. g5 Bf8 29. Nd3 Bxb3 30. Rxh7 Be6 31. Rb7 Rc3 32. Nxe5 Bc8 33. Nd7 Bg7 34. Rxg7+ Kxg7 35. Rxa7 Kf7 36. Nb6+ Ke6 37. Nd5 Rg3 38. Ra5 Rxg5 39. Nc7+ Kf6 40. Ne8+ Ke7 41. Rxg5 Kxe8 42. Rxg6 Kf7 43. Rb6 Bd7 44. Rb7 Ke6 45. Rxd7 Kxd7 46. Kf2 Ke6 47. Ke3 Ke5 48. g4 Ke6 49. Kf4 Kf6 50. e5+ Kg6 51. g5 Kg7 52. Kf5 Kf7 53. g6+ Ke7 54. g7 Kf7 55. g8Q+ Kxg8 56. Ke6 Kg7 57. Kd7 Kg6 58. e6 Kf5 59. e7 Ke4 60. e8Q+ Kd3 61. Qe1 Kc4 62. Qd2 Kb3 63. Kc6 Ka4 64. Qb2 Ka5 65. Qb5# 1-0